01325nam a2200157 a 4500020002700000020003000027082001400057100001700071245003400088250001400122260003700136300001300173520089400186650001701080856007001097 a0412622408 (paperback) a9780412622403 (paperback) a575.1 BRO1 aBrown, T. A.10aGene cloning :an Introduction a3 Sub ed. a[S.l.] :bNelson Thornes,c1995. a334 p. ; aThe third edition of "Gene Cloning" is a fully revised and updated version of this introductory text on the subject. It is longer and contains greater detail, yet is still aimed at undergraduates and at those who have little or no previous experience of cloning techniques. There are two additions to the contents. The first is a chapter on the polymerase chain reaction, a technique that has assumed great importance in molecular biology. The second is a final chapter on plant genetic engineering, reflecting the increasing research interest, and general concern, in promoting environmentally sensitive practices in agriculture. It is in a larger format than previous editions and is printed in two colours. It should be of interest to first and second year life sciences undergraduates, especially those reading biochemistry, molecular biology, biotechnology, cell biology and medicine. agene cloning40uhttp://www.amazon.com/exec/obidos/ASIN/0412622408/chopaconline-20